Science and business, (Record no. 18497)

MARC details
000 -LEADER
fixed length control field 00744cam a22002171 4500
001 - CONTROL NUMBER
control field cd 34000041
003 - CONTROL NUMBER IDENTIFIER
control field DLC
005 - DATE AND TIME OF LATEST TRANSACTION
control field 20260227111146.0
008 - FIXED-LENGTH DATA ELEMENTS--GENERAL INFORMATION
fixed length control field 761028s1924 xx 000 0 eng
010 ## - LIBRARY OF CONGRESS CONTROL NUMBER
LC control number cd 34000041
035 ## - SYSTEM CONTROL NUMBER
System control number (OCoLC)2535775
040 ## - CATALOGING SOURCE
Original cataloging agency DLC
Transcribing agency OTU
Modifying agency OCoLC
-- DLC
050 00 - LIBRARY OF CONGRESS CALL NUMBER
Classification number Q11
Item number .N293 no. 55
100 1# - MAIN ENTRY--PERSONAL NAME
Personal name Carty, John J.
Fuller form of name (John Joseph),
Dates associated with a name 1861-1932.
245 10 - TITLE STATEMENT
Title Science and business,
Statement of responsibility, etc. by John J. Carty.
260 ## - PUBLICATION, DISTRIBUTION, ETC.
Place of publication, distribution, etc. Washington, D.C.
Date of publication, distribution, etc. 1924.
300 ## - PHYSICAL DESCRIPTION
Extent cover-title, 8 p.
Dimensions 25 cm.
490 0# - SERIES STATEMENT
Series statement Reprint and circular series of the National research council.
Volume/sequential designation no. 55
500 ## - GENERAL NOTE
General note "An address to the Chamber of commerce of the United States, Cleveland, Ohio, May 8, 1924." -p.1
650 #0 - SUBJECT ADDED ENTRY--TOPICAL TERM
Topical term or geographic name entry element Research
General subdivision Industries.

No items available.

Powered by Koha